000 00522nam a2200133Ia 4500
008 220620s9999||||xx |||||||||||||| ||und||
022 _a16648714
100 _aNoha M. Mesbah||Felipe Sarmiento
245 0 _aEnzymes from Extreme Environments
546 _aEnglish[eng]
650 _aBiotechnology||Biocatalysis||alkaliphile||psychrophile||extremophile||Extremozyme||halophile||industrial enzymes||thermophile
856 _uhttp://journal.frontiersin.org/researchtopic/3054/enzymes-from-extreme-environments
942 _cEB
999 _c24979
_d24979